Hindu Kush study series / (Record no. 331646)
[ view plain ]
| 000 -LEADER | |
|---|---|
| fixed length control field | 01308cam a2200373 a 4500 |
| 001 - CONTROL NUMBER | |
| control field | 2557694 |
| 003 - CONTROL NUMBER IDENTIFIER | |
| control field | NUST |
| 005 - DATE AND TIME OF LATEST TRANSACTION | |
| control field | 20171012105648.0 |
| 008 - FIXED-LENGTH DATA ELEMENTS--GENERAL INFORMATION | |
| fixed length control field | 950831m19949999pk a 000 0 eng |
| 010 ## - LIBRARY OF CONGRESS CONTROL NUMBER | |
| LC control number | 94930811 |
| 020 ## - INTERNATIONAL STANDARD BOOK NUMBER | |
| Terms of availability | Rs200.00 (v. 1) |
| 025 ## - OVERSEAS ACQUISITION NUMBER | |
| Overseas acquisition number | P-E-026963 |
| 040 ## - CATALOGING SOURCE | |
| Original cataloging agency | DLC |
| Transcribing agency | DLC |
| Modifying agency | DLC |
| 042 ## - AUTHENTICATION CODE | |
| Authentication code | lcode |
| 043 ## - GEOGRAPHIC AREA CODE | |
| Geographic area code | a-af--- |
| -- | a-pk--- |
| 050 00 - LIBRARY OF CONGRESS CALL NUMBER | |
| Classification number | DS374.H5 |
| Item number | B35 1994 |
| 082 00 - DEWEY DECIMAL CLASSIFICATION NUMBER | |
| Classification number | 958.1 |
| Author Mark | BAI |
| 100 1# - MAIN ENTRY--PERSONAL NAME | |
| Personal name | Baig, Rahmat Karim. |
| 9 (RLIN) | 5373 |
| 245 10 - TITLE STATEMENT | |
| Title | Hindu Kush study series / |
| Statement of responsibility, etc. | by Rahmat Karim Baig. |
| 250 ## - EDITION STATEMENT | |
| Edition statement | 1st ed. |
| 260 ## - PUBLICATION, DISTRIBUTION, ETC. | |
| Place of publication, distribution, etc. | Peshawar: |
| Name of publisher, distributor, etc. | Rehmat Printing Press, |
| Date of publication, distribution, etc. | 1994 |
| 300 ## - PHYSICAL DESCRIPTION | |
| Extent | v. <1-2 > : |
| Other physical details | col. ill. ; |
| Dimensions | 21 cm. |
| 650 #0 - SUBJECT ADDED ENTRY--TOPICAL TERM | |
| Topical term or geographic name entry element | Kalash (Pakistani people) |
| General subdivision | Social life and customs. |
| 9 (RLIN) | 4741 |
| 650 #0 - SUBJECT ADDED ENTRY--TOPICAL TERM | |
| Topical term or geographic name entry element | Kho (Pakistani people) |
| General subdivision | Social life and customs. |
| 9 (RLIN) | 5374 |
| 650 #0 - SUBJECT ADDED ENTRY--TOPICAL TERM | |
| Topical term or geographic name entry element | Ethnology |
| Geographic subdivision | Pakistan. |
| 9 (RLIN) | 5375 |
| 651 #0 - SUBJECT ADDED ENTRY--GEOGRAPHIC NAME | |
| Geographic name | Hindu Kush Mountains (Afghanistan and Pakistan) |
| General subdivision | Description and travel. |
| 9 (RLIN) | 5376 |
| 651 #0 - SUBJECT ADDED ENTRY--GEOGRAPHIC NAME | |
| Geographic name | Hindu Kush Mountains (Afghanistan and Pakistan) |
| General subdivision | Social life and customs. |
| 9 (RLIN) | 5377 |
| 906 ## - LOCAL DATA ELEMENT F, LDF (RLIN) | |
| a | 7 |
| b | cbc |
| c | origode |
| d | 2 |
| e | ncip |
| f | 19 |
| g | y-gencatlg |
| 942 ## - ADDED ENTRY ELEMENTS (KOHA) | |
| Source of classification or shelving scheme | |
| Koha item type | Book |
| Withdrawn status | Lost status | Source of classification or shelving scheme | Damaged status | Not for loan | Collection code | Permanent Location | Current Location | Shelving location | Date acquired | Serial Enumeration / chronology | Total Checkouts | Full call number | Barcode | Date last seen | Copy number | Price effective from | Koha item type |
|---|---|---|---|---|---|---|---|---|---|---|---|---|---|---|---|---|---|
| Central Library (CL) | Central Library (CL) | Book Cart | 10/12/2017 | Vol. 1 | 958.1 BAI | CL2905 | 10/12/2017 | 1 | 10/12/2017 | Book | |||||||
| Central Library (CL) | Central Library (CL) | Book Cart | 10/13/2017 | Vol. 2 | 958.1 BAI | CL524 | 09/27/2022 | 2 | 10/13/2017 | Book |
